000 00737nam a2200289Ia 4500
005 20260324121352.0
008 008 260324s9999 xx 000 0 eng d
020 _a9781315654317
037 _aEBOOK
040 _aCRL
040 _beng
040 _cCRL
041 _2eng
041 _aeng
084 _qCRL
100 _aTimothy G. Fehler; Greta Grace Kroeker; Charles H. Parker; Jonathan Ray
_91162246
245 0 _aReligious Diaspora in Early Modern Europe
245 0 _bStrategies of Exile
260 _bTaylor and Francis
260 _c2014
365 _a
365 _b255
856 _uhttp://www.taylorfrancis.com/books/9781315654317
942 _cEBOOK
999 _c1754300
_d1754300